တိုင်းရင်းသားယဉ်ကျေးမှု ရိုးရာဓလေ့ထုံးစံများ / (Record no. 27285)

000 -LEADER
fixed length control field 01003nam a22001697a 4500
005 - DATE AND TIME OF LATEST TRANSACTION
control field 20260123084534.0
008 - FIXED-LENGTH DATA ELEMENTS--GENERAL INFORMATION
fixed length control field 230718b ||||| |||| 00| 0 eng d
040 ## - CATALOGING SOURCE
Transcribing agency SSBUL
Modifying agency SSBUL
082 ## - DEWEY DECIMAL CLASSIFICATION NUMBER
Edition number 23
Classification number ၃၉၀.၀၉၅၉၁ တိုင်း ၁၆၀၈၄ (S-SAT)
245 00 - TITLE STATEMENT
Title တိုင်းရင်းသားယဉ်ကျေးမှု ရိုးရာဓလေ့ထုံးစံများ /
260 ## - PUBLICATION, DISTRIBUTION, ETC.
Place of publication, distribution, etc. ရန်ကုန်၊
Name of publisher, distributor, etc. မြန်မာ့ဆိုရှယ်လစ် လမ်းစဉ်ပါတီ၊
Date of publication, distribution, etc. ၁၉၆၈။
300 ## - PHYSICAL DESCRIPTION
Extent ၃၄၉ စာမျက်နှာ၊
Other physical details ဓာတ်ပုံများ၊
Dimensions ၂၁ စင်တီ။
500 ## - GENERAL NOTE
General note S-SAT: Dr. Prof Sai Aung Tun
650 ## - SUBJECT ADDED ENTRY--TOPICAL TERM
Topical term or geographic name entry element ရှမ်းတိုင်းရင်းသား
Form subdivision လူနေမှုဘဝနှင့် ဓလေ့ထုံးစံ။
9 (RLIN) 28094
Topical term or geographic name entry element ယဉ်ကျေးမှုနှင့် ဓလေ့ထုံးစံ။
9 (RLIN) 27971
942 ## - ADDED ENTRY ELEMENTS (KOHA)
Source of classification or shelving scheme
Koha item type Book (Short term)
Holdings
Withdrawn status Lost status Source of classification or shelving scheme Damaged status Not for loan Collection code Permanent Location Current Location Shelving location Date acquired Total Checkouts Total Renewals Full call number Barcode Date last seen Date last checked out Price effective from Koha item type Accession
          Special Collections Shan State Buddhist University Library Shan State Buddhist University Library Special Collection Shelves 18/07/2023 2 1 ၃၉၀.၀၉၅၉၁ တိုင်း ၁၆၀၈၄ (S-SAT) MB00016084 22/06/2024 20/06/2024 18/07/2023 Book (Short term) ၁၆၀၈၄ (S-SAT)

Library - 09407999929
Admin Office - 09407999979
Dean Office - 09250910768
Registrar Office - 09892297154
Email - [email protected]
Shan State Buddhist University, Phaya Phyu Taunggyi, Shan State, Myanmar.